000 00646nam a2200181Ia 4500
008 090124s9999 xx 000 0 und d
082 _b3215
100 _aकाणेकर अनंत
245 _a पाण्यावरल्या रेषा
250 _a196
260 _bसुविचार प्रकाशन मंडऴ पुणे-नागपूर
_c1962
300 _a149
600 _aकाणेकर अनंत
630 _a पाण्यावरल्या रेषा
700 _aकाणेकर अनंत
730 _a पाण्यावरल्या रेषा
942 _cBOOK
999 _c82999
_d82999